50 Years of TV Quiz Stats

 Plays Quiz Updated Nov 18, 2014

Also try: 50 Years of Music
Challenge
Share
Tweet
Embed
Score 0/50 Timer 06:00
2 Plays Today
Character (Actor/Actress) Show % Correct
Kermit the Frog (Jim Henson)The Muppet Show
85.5%
Bruce Wayne (Adam West)Batman
83.3%
Dr. Douglas Ross (George Clooney)ER
78.1%
B. A. Baracus (Mr T)The A-Team
75.8%
Dana Scully (Gillian Anderson)The X-Files
75.6%
Uncle Fester (Jackie Coogan)The Addams Family
72%
Dorothy Zbornak (Bea Arthur)The Golden Girls
70.3%
Samantha Jones (Kim Cattrall)Sex and the City
69.8%
Jessica Fletcher (Angela Lansbury)Murder, She Wrote
68.5%
Susan Mayer (Teri Hatcher)Desperate Housewives
67.7%
Sue Ellen Ewing (Linda Gray)Dallas
66.1%
Dick Solomon (John Lithgow)3rd Rock from the Sun
63.6%
Alex P. Keaton (Michael J. Fox)Family Ties
63.3%
Don Draper (Jon Hamm)Mad Men
62.2%
Jean-Luc Picard (Patrick Stewart)Star Trek: The Next Generation
62%
Tommy Pickles (E.G. Daily)Rugrats
60.6%
Winnie Cooper (Danica McKellar)The Wonder Years
57.8%
Felix Unger (Tony Randall)The Odd Couple
57.2%
Boss Hogg (Sorrell Booke)The Dukes of Hazzard
56.5%
Diana Prince (Lynda Carter)Wonder Woman
55.9%
Larry David (Larry David)Curb Your Enthusiasm
55.3%
Kunta Kinte (LeVar Burton)Roots
54.9%
Steve Austin (Lee Majors)The Six Million Dollar Man
54.1%
Sookie Stackhouse (Anna Paquin) True Blood
53.4%
Ted Mosby (Josh Radnor)How I Met Your Mother
53.4%
Character (Actor/Actress) Show % Correct
Hiro Nakamura (Masi Oka)Heroes
53.2%
Joe Friday (Jack Webb)Dragnet
50.9%
Richard Kimble (David Janssen)The Fugitive
47.6%
Nucky Thompson (Steve Buscemi)Boardwalk Empire
46.5%
Steve McGarrett (Jack Lord)Hawaii Five-O
45.8%
Tony Nelson (Larry Hagman)I Dream of Jeannie
44%
Dr. Sam Beckett (Scott Bakula)Quantum Leap
43.8%
Kwai Chang Caine (David Carradine)Kung Fu
40%
Philip J. Fry (Billy West)Futurama
40%
Velma Dinkley (Nicole Jaffe)Scooby-Doo Where are You!
39.8%
Xander Harris (Nicholas Brendon)Buffy the Vampire Slayer
33%
Michael Kuzak (Harry Hamlin)L.A. Law
33%
Frank Furillo (Daniel J. Travanti)Hill Street Blues
32.6%
Dale Cooper (Kyle MacLachlan)Twin Peaks
32.6%
Simon Templar (Roger Moore)The Saint
30.7%
Malcolm Reynolds (Nathan Fillion)Firefly
28.3%
Jonathan Higgins III (John Hillerman)Magnum, P.I.
27%
David Fisher (Michael C. Hall)Six Feet Under
25.2%
Elena Gilbert (Nina Dobrev)Vampire Diaries
19.5%
Jane Mancini (Josie Bissett)Melrose Place
18%
Sean McNamara (Dylan Walsh)Nip/Tuck
16%
Officer Dibble (Allen Jenkins)Top Cat
12.6%
Gabrielle (Renée O'Connor)Xena: Warrior Princess
10.6%
Det. Bobby Crocker (Kevin Dobson)Kojak
9%
Danny Wilde (Tony Curtis)The Persuaders!
3.6%

You're not logged in!

Compare scores with friends on all Sporcle quizzes.
Join for Free
OR
Log In

You Might Also Like...

Show Comments

Extras

Top Quizzes Today


Score Distribution

Your Account Isn't Verified!

In order to create a playlist on Sporcle, you need to verify the email address you used during registration. Go to your Sporcle Settings to finish the process.

Report this User

Report this user for behavior that violates our Community Guidelines.

Details: